000 00425nam a22001697a 4500
999 _c31901
_d31901
003 OSt
005 20250423115020.0
008 250423b ||||| |||| 00| 0 eng d
020 _cRs 180.00
040 _cimukc
082 _a530
_bJ429
245 _aSolutions to concepts of physics. Part I /
260 _a[s.l.] :
_bJD Publications,
_c.
300 _a20.3 p. :
_bill. ;
_c24 cm
650 0 _936
_aPhysics
942 _2ddc
_cBK